Schumann piano music
Saved in:
| Main Author: | |
|---|---|
| Format: | Book |
| Language: | English |
| Published: |
Londres
British Broadcasting Corporation
1972
|
| Series: | BBC Music Guides
|
| Subjects: | |
| Tags: |
Add Tag
No Tags, Be the first to tag this record!
|
MARC
| LEADER | 00000nam a2200000 a 4500 | ||
|---|---|---|---|
| 001 | UCN3228 | ||
| 003 | CL-VaPUC | ||
| 008 | 010622e19720000UK |||||||||||||||||eng|d | ||
| 082 | 0 | 4 | |a 786.2092 |b CHI |2 21 |
| 100 | 0 | |a Chissell, Joan |e author |9 459696 | |
| 245 | 1 | 0 | |a Schumann piano music |
| 300 | |a 72 p | ||
| 942 | |c BK | ||
| 945 | |d 20010622 00:00:00 |a crobeson | ||
| 260 | |a Londres |b British Broadcasting Corporation |c 1972 | ||
| 600 | 0 | |a Schumann, Robert, |e 1810-1856 |9 352841 | |
| 650 | 0 | |a Música para piano |9 306528 | |
| 650 | 0 | |a Análisis musical |9 267228 | |
| 650 | 0 | |a Compositores alemanes |9 324765 | |
| 583 | |a last modification |c 20010622 00:00:00 |k Rodrigo Vera | ||
| 490 | 0 | |a BBC Music Guides | |
| 999 | |c 296153 |d 296151 | ||
| 952 | |0 0 |1 0 |4 0 |6 786_209200000000000_CHI_1972 |7 0 |8 A |9 349766 |a BIBEDU |b BIBEDU |d 2019-11-20 |i 1234811 |o 786.2092 CHI 1972 |p 1234811 |r 2023-01-12 |w 2019-11-20 |y BK |k MUS | ||